| 000 | 00627nam a2200217 a 4500 | ||
|---|---|---|---|
| 001 | BRL_1868 | ||
| 005 | 20190320211415.0 | ||
| 008 | 110815s19uu----mx-o######---#000-0#eng-# | ||
| 041 | _aeng | ||
| 044 | _amx | ||
| 050 | 4 |
_aF1219 _b.P46 1900 |
|
| 110 | 2 |
_aPemex Travel Club _928083 |
|
| 245 | 1 | 0 |
_aAchaeology in Mexico today _cprepared and distributed free by Pemex Travel Club. |
| 260 |
_aMéxico _bPetroleos Mexicanos _c[19--] |
||
| 300 |
_a61 p. _bil. _c23 cm. |
||
| 500 | _aej.1 Au478, ej.2 Au614 | ||
| 504 | _aBibliografía: p. 4 | ||
| 650 | 1 | 4 |
_aArqueología _xHistoria _zMéxico _95091 |
| 902 | _aGRL | ||
| 942 |
_2lcc _cB |
||
| 999 |
_c10676 _d10676 |
||